[Event "ROU-chT 1st League 2019"]
[Site "Mamaia"]
[Date "2019.09.27"]
[Round "7.23"]
[White "Gilea, Lucian"]
[Black "Pop, Alexandru"]
[Result "1/2-1/2"]
[WhiteElo "2291"]
[BlackElo "2274"]
[Annotator "NA"]
[PlyCount "107"]
[EventDate "2019.09.21"]
[EventType "team-tourn"]
[EventCountry "ROU"]
[SourceTitle "playchess.com"]
[Source "ChessBase"]
[SourceQuality "1"]
[TimeControl "40/5400+30:1800+30"]

1. d4 {[%emt 0:00:00]} Nf6 {[%emt 0:03:14]} 2. Nf3 {[%emt 0:00:00]} d5 {[%emt 0:00:32]} 3. c4 {[%emt 0:00:00]} e6 {[%emt 0:00:06]} 4. cxd5 {[%emt 0:00:19]} exd5 {[%emt 0:00:09]} 5. Nc3 {[%emt 0:00:08]} c6 {[%emt 0:00:44]} 6. Bg5 {[%emt 0:00:30]} Bf5 {[%emt 0:05:19]} 7. Nh4 {[%emt 0:06:29]} Be6 {[%emt 0:04:15]} 8. Nf3 {[%emt 0:10:48]} Nbd7 {[%emt 0:02:29]} 9. Qc2 {[%emt 0:02:12]} Bd6 {[%emt 0:00:51]} 10. e3 {[%emt 0:00:54]} O-O {[%emt 0:01:59]} 11. Bd3 {[%emt 0:00:21]} Qc7 {[%emt 0:00:42]} 12. Bh4 {[%emt 0:04:09]} h6 {[%emt 0:08:25]} 13. Bg3 {[%emt 0:00:13]} Rae8 {[%emt 0:13:33]} 14. Bxd6 {[%emt 0:01:00]} Qxd6 {[%emt 0:00:10]} 15. h3 {[%emt 0:03:27]} b6 {[%emt 0:03:59]} 16. O-O {[%emt 0:09:05]} g5 {[%emt 0:10:28]} 17. g4 {[%emt 0:07:38]} c5 {[%emt 0:02:53]} 18. Bf5 {[%emt 0:11:18]} Bxf5 {[%emt 0:01:12]} 19. Qxf5 {[%emt 0:00:27]} Qe6 {[%emt 0:00:20]} 20. Qxe6 {[%emt 0:01:42]} fxe6 {[%emt 0:01:25]} 21. Kg2 {[%emt 0:01:23]} Re7 {[%emt 0:03:33]} 22. Rad1 {[%emt 0:03:42]} Ref7 {[%emt 0:01:46]} 23. Ng1 {[%emt 0:01:47]} h5 {[%emt 0:08:56]} 24. f3 {[%emt 0:02:16]} Rd8 {[%emt 0:01:04]} 25. Nge2 {[%emt 0:14:38]} Nf8 {[%emt 0:05:57]} 26. dxc5 {[%emt 0:00:41]} bxc5 {[%emt 0:00:10]} 27. Na4 {[%emt 0:00:30]} Rc8 {[%emt 0:02:43]} 28. Rc1 {[%emt 0:00:13]} Rfc7 {[%emt 0:00:37]} 29. gxh5 {[%emt 0:01:07]} Nxh5 {[%emt 0:00:29]} 30. Kf2 {[%emt 0:00:02]} Kf7 {[%emt 0:01:01]} 31. Rc2 {[%emt 0:02:15]} Nd7 {[%emt 0:03:59]} 32. Rg1 {[%emt 0:01:34]} Kf6 {[%emt 0:00:20]} 33. Nec3 {[%emt 0:01:38]} Nb6 {[%emt 0:01:23]} 34. Nxb6 {[%emt 0:01:15]} axb6 {[%emt 0:00:05]} 35. Nb5 {[%emt 0:00:04]} Rd7 {[%emt 0:00:45]} 36. Rg4 {[%emt 0:00:14]} Ng7 {[%emt 0:01:51]} 37. h4 {[%emt 0:00:38]} gxh4 {[%emt 0:00:10]} 38. Rxh4 {[%emt 0:00:03]} Nf5 {[%emt 0:00:47]} 39. Rh1 {[%emt 0:00:15]} Rg8 {[%emt 0:00:31]} 40. Rh2 {[%emt 0:00:00]} Rdg7 {[%emt 0:00:00]} 41. Rd2 {[%emt 0:04:30]} Rg1 {[%emt 0:05:39]} 42. e4 {[%emt 0:03:02]} Ne7 {[%emt 0:00:45]} 43. Rh6+ {[%emt 0:02:06]} R1g6 {[%emt 0:00:19]} 44. Rxg6+ {[%emt 0:00:10]} Rxg6 {[%emt 0:00:18]} 45. Nc3 {[%emt 0:01:25]} Ke5 {[%emt 0:13:23]} 46. f4+ {[%emt 0:20:09]} Kxf4 {[%emt 0:00:43]} 47. exd5 {[%emt 0:00:01]} Nxd5 {[%emt 0:00:47]} 48. Nxd5+ {[%emt 0:00:08]} exd5 {[%emt 0:00:06]} 49. Rxd5 {[%emt 0:00:02]} Ke4 {[%emt 0:00:34]} 50. Rd2 {[%emt 0:00:06]} b5 {[%emt 0:00:22]} 51. Ke2 {[%emt 0:00:24]} b4 {[%emt 0:03:33]} 52. Kd1 {[%emt 0:00:23]} c4 {[%emt 0:00:36]} 53. Re2+ {[%emt 0:00:26]} Kd3 {[%emt 0:00:38]} 54. Rd2+ {[%emt 0:00:02]} 1/2-1/2

[Event "ROU-chT 1st League 2019"]
[Site "Mamaia"]
[Date "2019.09.27"]
[Round "7.24"]
[White "Ciorica, Mihai-Vlad"]
[Black "Ghimpu, Samuel-Timotei"]
[Result "0-1"]
[WhiteElo "1985"]
[BlackElo "2158"]
[Annotator "NA"]
[PlyCount "52"]
[EventDate "2019.09.21"]
[EventType "team-tourn"]
[EventCountry "ROU"]
[SourceTitle "playchess.com"]
[Source "ChessBase"]
[SourceQuality "1"]
[TimeControl "40/5400+30:1800+30"]

1. d4 {[%emt 0:00:00]} Nf6 {[%emt 0:00:00]} 2. c4 {[%emt 0:00:00]} g6 {[%emt 0:00:00]} 3. f3 {[%emt 0:00:02]} e5 {[%emt 0:00:00]} 4. dxe5 {[%emt 0:16:51]} Nh5 {[%emt 0:01:01]} 5. g3 {[%emt 0:00:05]} Nc6 {[%emt 0:00:05]} 6. f4 {[%emt 0:00:26]} d6 {[%emt 0:00:04]} 7. exd6 {[%emt 0:02:10]} Bxd6 {[%emt 0:00:01]} 8. e4 {[%emt 0:04:35]} Qe7 {[%emt 0:19:51]} 9. Bg2 {[%emt 0:07:00]} Be6 {[%emt 0:00:14]} 10. Qc2 {[%emt 0:08:35]} O-O-O {[%emt 0:01:03]} 11. a3 {[%emt 0:00:11]} Bxf4 {[%emt 0:04:26]} 12. Bxf4 {[%emt 0:15:40]} Nxf4 {[%emt 0:00:15]} 13. gxf4 {[%emt 0:00:07]} Qh4+ {[%emt 0:00:04]} 14. Kf1 {[%emt 0:00:17]} Bxc4+ {[%emt 0:08:53]} 15. Ne2 {[%emt 0:02:18]} Bd3 {[%emt 0:01:17]} 16. Qc1 {[%emt 0:18:48]} Bxe2+ {[%emt 0:01:11]} 17. Kxe2 {[%emt 0:00:04]} Nd4+ {[%emt 0:00:05]} 18. Ke3 {[%emt 0:00:14]} Nf5+ {[%emt 0:03:47]} 19. exf5 {[%emt 0:07:12]} Rhe8+ {[%emt 0:00:27]} 20. Be4 {[%emt 0:00:04]} gxf5 {[%emt 0:14:41]} 21. Nc3 {[%emt 0:00:15]} fxe4 {[%emt 0:00:02]} 22. Qg1 {[%emt 0:14:59]} Rd3+ {[%emt 0:06:41]} 23. Ke2 {[%emt 0:00:04]} Red8 {[%emt 0:00:05]} 24. Qc5 {[%emt 0:01:23]} Rd2+ {[%emt 0:01:36]} 25. Kf1 {[%emt 0:00:23]} Qxf4+ {[%emt 0:00:25]} 26. Ke1 {[%emt 0:00:04]} e3 {[%emt 0:00:13]} 0-1

[Event "ROU-chT 1st League 2019"]
[Site "Mamaia"]
[Date "2019.09.27"]
[Round "7.26"]
[White "Svetushkin, Dmitry"]
[Black "Sivuk, Vitaly"]
[Result "1/2-1/2"]
[WhiteElo "2534"]
[BlackElo "2559"]
[Annotator "ChessBase"]
[PlyCount "20"]
[EventDate "2019.09.21"]
[EventType "team-tourn"]
[EventCountry "ROU"]
[SourceTitle "playchess.com"]
[Source "ChessBase"]
[SourceQuality "1"]
[TimeControl "40/5400+30:1800+30"]

1. d4 {[%emt 0:00:00]} Nf6 {[%emt 0:00:00]} 2. c4 {[%emt 0:00:27]} e6 {[%emt 0:00:00]} 3. Nf3 {[%emt 0:00:15]} d5 {[%emt 0:00:00]} 4. e3 {[%emt 0:00:15]} dxc4 {[%emt 0:00:08]} 5. Bxc4 {[%emt 0:00:11]} c5 {[%emt 0:00:09]} 6. O-O {[%emt 0:01:04]} a6 {[%emt 0:00:13]} 7. a4 {[%emt 0:02:34]} Nc6 {[%emt 0:00:17]} 8. Nc3 {[%emt 0:00:10]} Be7 {[%emt 0:00:45]} 9. Qe2 {[%emt 0:01:19]} cxd4 {[%emt 0:00:15]} 10. exd4 {[%emt 0:00:30]} O-O {[%emt 0:03:45]} 1/2-1/2

[Event "ROU-chT 1st League 2019"]
[Site "Mamaia"]
[Date "2019.09.27"]
[Round "7.27"]
[White "Georgescu, Tiberiu-Marian"]
[Black "Iordachescu, Viorel"]
[Result "1/2-1/2"]
[WhiteElo "2508"]
[BlackElo "2602"]
[Annotator "ChessBase"]
[PlyCount "26"]
[EventDate "2019.09.21"]
[EventType "team-tourn"]
[EventCountry "ROU"]
[SourceTitle "playchess.com"]
[Source "ChessBase"]
[SourceQuality "1"]
[TimeControl "40/5400+30:1800+30"]

1. d4 {[%emt 0:01:23]} Nf6 {[%emt 0:00:00]} 2. Nf3 {[%emt 0:00:37]} e6 {[%emt 0:00:05]} 3. c4 {[%emt 0:00:18]} d5 {[%emt 0:01:05]} 4. Nc3 {[%emt 0:01:35]} Be7 {[%emt 0:00:22]} 5. Bg5 {[%emt 0:01:21]} O-O {[%emt 0:00:28]} 6. e3 {[%emt 0:00:32]} Nbd7 {[%emt 0:00:29]} 7. Qc2 {[%emt 0:03:11]} c5 {[%emt 0:02:18]} 8. cxd5 {[%emt 0:02:18]} cxd4 {[%emt 0:01:59]} 9. Nxd4 {[%emt 0:02:15]} Nxd5 {[%emt 0:00:13]} 10. Bxe7 {[%emt 0:01:02]} Nxe7 {[%emt 0:00:06]} 11. Be2 {[%emt 0:01:20]} Nf6 {[%emt 0:00:31]} 12. O-O {[%emt 0:01:19]} Bd7 {[%emt 0:00:16]} 13. Rfd1 {[%emt 0:02:31]} Qb6 {[%emt 0:00:38]} 1/2-1/2

[Event "ROU-chT 1st League 2019"]
[Site "Mamaia"]
[Date "2019.09.27"]
[Round "7.28"]
[White "Nevednichy, Vladislav"]
[Black "David, Alexandru-Vasile"]
[Result "1/2-1/2"]
[WhiteElo "2522"]
[BlackElo "2424"]
[Annotator "ChessBase"]
[PlyCount "23"]
[EventDate "2019.09.21"]
[EventType "team-tourn"]
[EventCountry "ROU"]
[SourceTitle "playchess.com"]
[Source "ChessBase"]
[SourceQuality "1"]
[TimeControl "40/5400+30:1800+30"]

1. e4 {[%emt 0:00:00]} c5 {[%emt 0:00:32]} 2. Nf3 {[%emt 0:00:00]} Nc6 {[%emt 0:00:28]} 3. Bb5 {[%emt 0:00:00]} g6 {[%emt 0:04:16]} 4. Bxc6 {[%emt 0:00:24]} dxc6 {[%emt 0:01:52]} 5. d3 {[%emt 0:01:34]} Bg7 {[%emt 0:00:10]} 6. Nc3 {[%emt 0:00:28]} Bg4 {[%emt 0:05:27]} 7. h3 {[%emt 0:05:12]} Bxf3 {[%emt 0:01:30]} 8. Qxf3 {[%emt 0:00:03]} Nf6 {[%emt 0:00:06]} 9. Be3 {[%emt 0:00:08]} Nd7 {[%emt 0:02:29]} 10. O-O {[%emt 0:01:53]} e5 {[%emt 0:02:18]} 11. a4 {[%emt 0:00:32]} O-O {[%emt 0:03:18]} 12. Qd1 {[%emt 0:04:39]} 1/2-1/2

[Event "ROU-chT 1st League 2019"]
[Site "Mamaia"]
[Date "2019.09.27"]
[Round "7.30"]
[White "Ungureanu, Vlad"]
[Black "Petrisor, Adrian-Marian"]
[Result "1/2-1/2"]
[WhiteElo "2284"]
[BlackElo "2411"]
[Annotator "NA"]
[PlyCount "20"]
[EventDate "2019.09.21"]
[EventType "team-tourn"]
[EventCountry "ROU"]
[SourceTitle "playchess.com"]
[Source "ChessBase"]
[SourceQuality "1"]
[TimeControl "40/5400+30:1800+30"]

1. d4 {[%emt 0:00:00]} Nf6 {[%emt 0:00:00]} 2. c4 {[%emt 0:00:00]} e6 {[%emt 0:00:00]} 3. Nc3 {[%emt 0:00:29]} Bb4 {[%emt 0:00:13]} 4. e3 {[%emt 0:00:53]} O-O {[%emt 0:01:00]} 5. Bd3 {[%emt 0:01:23]} d5 {[%emt 0:00:25]} 6. Nf3 {[%emt 0:01:26]} dxc4 {[%emt 0:01:10]} 7. Bxc4 {[%emt 0:01:26]} c5 {[%emt 0:01:12]} 8. O-O {[%emt 0:05:02]} cxd4 {[%emt 0:01:36]} 9. exd4 {[%emt 0:03:47]} Nc6 {[%emt 0:00:10]} 10. Bg5 {[%emt 0:05:05]} Be7 {[%emt 0:00:19]} 1/2-1/2

[Event "ROU-chT 1st League 2019"]
[Site "Mamaia"]
[Date "2019.09.28"]
[Round "8.1"]
[White "Kuzubov, Yuriy"]
[Black "Parligras, Mircea-Emilian"]
[Result "1-0"]
[WhiteElo "2636"]
[BlackElo "2629"]
[Annotator "ChessBase"]
[PlyCount "107"]
[EventDate "2019.09.21"]
[EventType "team-tourn"]
[EventCountry "ROU"]
[SourceTitle "playchess.com"]
[Source "ChessBase"]
[SourceQuality "1"]
[TimeControl "40/5400+30:1800+30"]

1. d4 {[%emt 0:00:00]} Nf6 {[%emt 0:01:11]} 2. c4 {[%emt 0:00:00]} e6 {[%emt 0:00:05]} 3. Nf3 {[%emt 0:00:00]} d5 {[%emt 0:00:22]} 4. g3 {[%emt 0:00:00]} Bb4+ {[%emt 0:00:14]} 5. Bd2 {[%emt 0:00:00]} Bd6 {[%emt 0:00:18]} 6. Nc3 {[%emt 0:00:00]} O-O {[%emt 0:00:26]} 7. Bg5 {[%emt 0:00:47]} Be7 {[%emt 0:00:34]} 8. Bg2 {[%emt 0:01:25]} h6 {[%emt 0:00:26]} 9. Bxf6 {[%emt 0:01:06]} Bxf6 {[%emt 0:00:08]} 10. e4 {[%emt 0:01:49]} dxc4 {[%emt 0:02:30]} 11. e5 {[%emt 0:03:26]} Be7 {[%emt 0:00:06]} 12. Qe2 {[%emt 0:00:40]} Bd7 {[%emt 0:07:23]} 13. Qxc4 {[%emt 0:06:37]} Bc6 {[%emt 0:00:17]} 14. O-O {[%emt 0:00:37]} Nd7 {[%emt 0:00:30]} 15. Rad1 {[%emt 0:05:21]} Nb6 {[%emt 0:00:44]} 16. Qe2 {[%emt 0:00:08]} a5 {[%emt 0:03:15]} 17. Ne1 {[%emt 0:02:35]} Nd5 {[%emt 0:04:28]} 18. Bxd5 {[%emt 0:12:03]} Bxd5 {[%emt 0:00:40]} 19. Nc2 {[%emt 0:00:34]} c6 {[%emt 0:14:17]} 20. Ne3 {[%emt 0:01:12]} a4 {[%emt 0:02:12]} 21. f4 {[%emt 0:01:24]} f5 {[%emt 0:01:09]} 22. g4 {[%emt 0:06:00]} g6 {[%emt 0:03:40]} 23. Ncxd5 {[%emt 0:15:04]} cxd5 {[%emt 0:00:05]} 24. Kh1 {[%emt 0:00:17]} Kh7 {[%emt 0:01:22]} 25. Rg1 {[%emt 0:00:42]} Rg8 {[%emt 0:01:10]} 26. Rg3 {[%emt 0:01:27]} Qe8 {[%emt 0:03:26]} 27. gxf5 {[%emt 0:10:18]} gxf5 {[%emt 0:00:06]} 28. Rdg1 {[%emt 0:00:18]} Qf7 {[%emt 0:09:20]} 29. a3 {[%emt 0:08:37]} Bh4 {[%emt 0:06:11]} 30. Rxg8 {[%emt 0:00:04]} Rxg8 {[%emt 0:00:03]} 31. Rxg8 {[%emt 0:00:15]} Qxg8 {[%emt 0:00:44]} 32. Ng2 {[%emt 0:08:07]} Be7 {[%emt 0:01:05]} 33. Qc2 {[%emt 0:02:31]} Qg4 {[%emt 0:13:09]} 34. Qd3 {[%emt 0:08:07]} Kg7 {[%emt 0:02:49]} 35. Kg1 {[%emt 0:01:17]} Kf7 {[%emt 0:01:27]} 36. Kf1 {[%emt 0:01:11]} b5 {[%emt 0:07:25]} 37. h3 {[%emt 0:00:29]} Qh5 {[%emt 0:00:14]} 38. Kf2 {[%emt 0:01:24]} b4 {[%emt 0:00:40]} 39. axb4 {[%emt 0:00:11]} Bxb4 {[%emt 0:00:04]} 40. Kg3 {[%emt 0:00:00]} Be7 {[%emt 0:00:00]} 41. Kh2 {[%emt 0:01:07]} Bf8 {[%emt 0:02:40]} 42. Qc2 {[%emt 0:08:36]} Qf3 {[%emt 0:06:51]} 43. Qxa4 {[%emt 0:00:46]} Qf2 {[%emt 0:00:13]} 44. b3 {[%emt 0:04:13]} Be7 {[%emt 0:10:17]} 45. Qa1 {[%emt 0:04:24]} Qc2 {[%emt 0:00:05]} 46. Qa8 {[%emt 0:00:52]} Qxb3 {[%emt 0:13:10]} 47. Qh8 {[%emt 0:00:06]} Qd1 {[%emt 0:00:27]} 48. Qxh6 {[%emt 0:00:20]} Qxd4 {[%emt 0:00:30]} 49. h4 {[%emt 0:04:28]} Qd1 {[%emt 0:05:32]} 50. Qh7+ {[%emt 0:00:15]} Ke8 {[%emt 0:00:04]} 51. Qg8+ {[%emt 0:01:49]} Kd7 {[%emt 0:00:05]} 52. Qf7 {[%emt 0:00:08]} Qg4 {[%emt 0:04:21]} 53. h5 {[%emt 0:00:50]} Kd8 {[%emt 0:00:03]} 54. h6 {[%emt 0:00:47]} 1-0

[Event "ROU-chT 1st League 2019"]
[Site "Mamaia"]
[Date "2019.09.28"]
[Round "8.2"]
[White "Deac, Bogdan-Daniel"]
[Black "Baklan, Vladimir"]
[Result "1/2-1/2"]
[WhiteElo "2613"]
[BlackElo "2604"]
[Annotator "ChessBase"]
[PlyCount "51"]
[EventDate "2019.09.21"]
[EventType "team-tourn"]
[EventCountry "ROU"]
[SourceTitle "playchess.com"]
[Source "ChessBase"]
[SourceQuality "1"]
[TimeControl "40/5400+30:1800+30"]

1. Nf3 {[%emt 0:01:39]} Nf6 {[%emt 0:00:00]} 2. c4 {[%emt 0:00:06]} b6 {[%emt 0:04:00]} 3. g3 {[%emt 0:00:41]} Bb7 {[%emt 0:00:29]} 4. Bg2 {[%emt 0:00:02]} g6 {[%emt 0:02:27]} 5. d4 {[%emt 0:03:49]} Bg7 {[%emt 0:00:03]} 6. O-O {[%emt 0:00:06]} O-O {[%emt 0:00:04]} 7. Qc2 {[%emt 0:00:20]} Be4 {[%emt 0:06:47]} 8. Qa4 {[%emt 0:09:45]} Bb7 {[%emt 0:06:11]} 9. Bg5 {[%emt 0:16:06]} c5 {[%emt 0:05:21]} 10. Nc3 {[%emt 0:01:45]} Ne4 {[%emt 0:02:59]} 11. Nxe4 {[%emt 0:01:50]} Bxe4 {[%emt 0:00:18]} 12. Rad1 {[%emt 0:00:14]} cxd4 {[%emt 0:10:43]} 13. Nxd4 {[%emt 0:00:19]} Bxg2 {[%emt 0:00:03]} 14. Kxg2 {[%emt 0:00:11]} h6 {[%emt 0:00:01]} 15. Be3 {[%emt 0:02:13]} Qc8 {[%emt 0:00:09]} 16. Qb5 {[%emt 0:01:27]} Nc6 {[%emt 0:10:21]} 17. Nxc6 {[%emt 0:01:32]} dxc6 {[%emt 0:00:04]} 18. Qa4 {[%emt 0:00:17]} b5 {[%emt 0:05:34]} 19. cxb5 {[%emt 0:04:09]} cxb5 {[%emt 0:00:14]} 20. Qxb5 {[%emt 0:04:41]} Rb8 {[%emt 0:00:29]} 21. Qa4 {[%emt 0:00:11]} Rxb2 {[%emt 0:01:10]} 22. Qxa7 {[%emt 0:00:07]} Qa8+ {[%emt 0:07:43]} 23. Qxa8 {[%emt 0:00:15]} Rxa8 {[%emt 0:00:04]} 24. Rd7 {[%emt 0:00:19]} Rxe2 {[%emt 0:03:48]} 25. Rxe7 {[%emt 0:00:09]} Bd4 {[%emt 0:05:16]} 26. a4 {[%emt 0:02:03]} 1/2-1/2

[Event "ROU-chT 1st League 2019"]
[Site "Mamaia"]
[Date "2019.09.28"]
[Round "8.3"]
[White "Rogozenco, Dorian"]
[Black "Svetushkin, Dmitry"]
[Result "1/2-1/2"]
[WhiteElo "2491"]
[BlackElo "2534"]
[Annotator "ChessBase"]
[PlyCount "96"]
[EventDate "2019.09.21"]
[EventType "team-tourn"]
[EventCountry "ROU"]
[SourceTitle "playchess.com"]
[Source "ChessBase"]
[SourceQuality "1"]
[TimeControl "40/5400+30:1800+30"]

1. d4 {[%emt 0:00:00]} d5 {[%emt 0:00:00]} 2. c4 {[%emt 0:00:00]} c6 {[%emt 0:00:00]} 3. Nf3 {[%emt 0:00:00]} Nf6 {[%emt 0:00:03]} 4. Qc2 {[%emt 0:00:15]} dxc4 {[%emt 0:00:53]} 5. Qxc4 {[%emt 0:00:07]} Bf5 {[%emt 0:00:05]} 6. g3 {[%emt 0:00:20]} e6 {[%emt 0:00:31]} 7. Bg2 {[%emt 0:00:07]} Be7 {[%emt 0:00:06]} 8. O-O {[%emt 0:00:16]} O-O {[%emt 0:00:21]} 9. e3 {[%emt 0:00:21]} Nbd7 {[%emt 0:00:21]} 10. Qe2 {[%emt 0:00:20]} Qc7 {[%emt 0:01:30]} 11. Nc3 {[%emt 0:00:23]} e5 {[%emt 0:01:03]} 12. dxe5 {[%emt 0:04:21]} Nxe5 {[%emt 0:00:21]} 13. Nxe5 {[%emt 0:00:13]} Qxe5 {[%emt 0:00:10]} 14. e4 {[%emt 0:00:27]} Bg4 {[%emt 0:05:36]} 15. f3 {[%emt 0:00:37]} Be6 {[%emt 0:00:44]} 16. Be3 {[%emt 0:01:36]} Bc5 {[%emt 0:03:49]} 17. Bxc5 {[%emt 0:01:51]} Qxc5+ {[%emt 0:00:12]} 18. Qf2 {[%emt 0:00:04]} Qa5 {[%emt 0:00:40]} 19. h3 {[%emt 0:07:07]} Nd7 {[%emt 0:11:17]} 20. f4 {[%emt 0:01:56]} f6 {[%emt 0:00:27]} 21. Rfd1 {[%emt 0:05:25]} Rfd8 {[%emt 0:11:28]} 22. Rd6 {[%emt 0:04:01]} Nf8 {[%emt 0:02:45]} 23. Rad1 {[%emt 0:00:32]} Rxd6 {[%emt 0:04:22]} 24. Rxd6 {[%emt 0:00:07]} Qb6 {[%emt 0:00:14]} 25. Qxb6 {[%emt 0:01:40]} axb6 {[%emt 0:00:19]} 26. a3 {[%emt 0:00:11]} Kf7 {[%emt 0:01:08]} 27. Kf2 {[%emt 0:05:11]} Ke7 {[%emt 0:00:29]} 28. Rd4 {[%emt 0:08:15]} b5 {[%emt 0:04:47]} 29. h4 {[%emt 0:19:48]} Nd7 {[%emt 0:00:59]} 30. Bf3 {[%emt 0:00:04]} Nb6 {[%emt 0:03:07]} 31. Be2 {[%emt 0:00:02]} h6 {[%emt 0:21:32]} 32. h5 {[%emt 0:01:32]} Nc4 {[%emt 0:02:25]} 33. Bxc4 {[%emt 0:01:16]} bxc4 {[%emt 0:00:04]} 34. f5 {[%emt 0:04:15]} Bf7 {[%emt 0:00:15]} 35. g4 {[%emt 0:00:03]} b5 {[%emt 0:08:38]} 36. Ke3 {[%emt 0:24:27]} c5 {[%emt 0:07:24]} 37. Rd1 {[%emt 0:08:14]} b4 {[%emt 0:00:56]} 38. axb4 {[%emt 0:00:03]} cxb4 {[%emt 0:00:05]} 39. Nd5+ {[%emt 0:00:03]} Bxd5 {[%emt 0:00:20]} 40. exd5 {[%emt 0:00:00]} c3 {[%emt 0:00:00]} 41. bxc3 {[%emt 0:21:14]} bxc3 {[%emt 0:08:37]} 42. Rc1 {[%emt 0:01:14]} Ra4 {[%emt 0:03:12]} 43. Rxc3 {[%emt 0:00:11]} Rxg4 {[%emt 0:00:05]} 44. Rc6 {[%emt 0:01:43]} Rh4 {[%emt 0:02:27]} 45. Rc7+ {[%emt 0:00:48]} Kd6 {[%emt 0:00:04]} 46. Rxg7 {[%emt 0:00:05]} Rxh5 {[%emt 0:00:33]} 47. Rg6 {[%emt 0:01:23]} Rxf5 {[%emt 0:03:36]} 48. Rxh6 {[%emt 0:00:06]} Kxd5 {Ke4+} 1/2-1/2